000 00512nam a2200229Ia 4500
003 OSt
005 20220912145801.0
006 a|||||r|||| 00| 0
007 ta
008 220909b |||||||| |||| 00| 0 eng d
024 _a75978
037 _cTextbook
040 _aCSL
_beng
_cCSL
041 _aeng
082 _aCz7, K42
245 0 _aNobel lectures physics
260 _c1964
300 _ap.
_ccm.
650 _aPhysics
942 _hCz7, K42
_cTB
_2CC
999 _c38185
_d38185